[Event "GRE-chT 45th"]
[Site "Achaia"]
[Date "2017.07.07"]
[Round "6.17"]
[White "Seretakis, Nikolas"]
[Black "Kiriakopoulos, Antonios"]
[Result "1-0"]
[WhiteElo "2100"]
[BlackElo "1859"]
[PlyCount "141"]
[EventDate "2017.07.03"]
[EventType "team-swiss"]
[EventRounds "7"]
[EventCountry "GRE"]
[SourceTitle "CBM 179 Extra"]
[Source "ChessBase"]
[SourceDate "2017.08.23"]
[SourceVersion "1"]
[SourceVersionDate "2017.08.23"]
[SourceQuality "1"]
[WhiteTeam "New Filadelfeias"]
[BlackTeam "Filiatron CN"]
[WhiteTeamCountry "GRE"]
[BlackTeamCountry "GRE"]

1. e4 c5 2. Nf3 e6 3. d4 cxd4 4. Nxd4 Nc6 5. Nc3 Qc7 6. g3 Nxd4 7. Qxd4 a6 8. Bf4 Qc5 9. Qd3 b5 10. Bg2 Bb7 11. a3 d6 12. Rd1 Rd8 13. 0-0 Be7 14. Be3 Qc7 15. f4 Nf6 16. Qe2 0-0 17. Kh1 Nd7 18. Bd4 Rfe8 19. Qf2 Rc8 20. f5 e5 21. Be3 Qc4 22. Rfe1 Nf6 23. Qe2 Nxe4 24. Qxc4 Rxc4 25. Nd5 Bxd5 26. Rxd5 Nf6 27. Rd2 h6 28. c3 Rb8 29. Ba7 Rd8 30. Red1 h5 31. h3 h4 32. g4 Ne4 33. Rc2 Bg5 34. Kg1 Rd7 35. Bb6 Ng3 36. Bd5 Rc8 37. Bf2 Bf4 38. Kg2 Kh7 39. Kf3 Kh6 40. c4 bxc4 41. Rxc4 Rxc4 42. Bxc4 Kg5 43. Be3 e4+ 44. Kf2 Rc7 45. b3 Rc6 46. a4 g6 47. fxg6 Bxe3+ 48. Kxe3 Kxg6 49. Rd5 Kf6 50. Ra5 Rb6 51. Kf4 Ke7 52. Ke3 Kf6 53. Rd5 Ke7 54. Rd2 Rc6 55. Rf2 d5 56. Bxd5 Rc3+ 57. Kd4 Rd3+ 58. Kc4 f5 59. Ra2 Kd6 60. Bb7 Ke5 61. gxf5 Rd7 62. Bxa6 e3 63. Kc5 Rd2 64. Ra1 Rc2+ 65. Bc4 Nxf5 66. a5 Nd6 67. a6 Nxc4 68. bxc4 e2 69. a7 Ra2 70. a8Q Rxa8 71. Rxa8 1-0

[Event "GRE-chT 45th"]
[Site "Achaia"]
[Date "2017.07.05"]
[Round "4.16"]
[White "Kiriakopoulos, Antonios"]
[Black "Kivelos, Sotirios"]
[Result "0-1"]
[WhiteElo "1859"]
[BlackElo "1903"]
[PlyCount "26"]
[EventDate "2017.07.03"]
[EventType "team-swiss"]
[EventRounds "7"]
[EventCountry "GRE"]
[SourceTitle "CBM 179 Extra"]
[Source "ChessBase"]
[SourceDate "2017.08.23"]
[SourceVersion "1"]
[SourceVersionDate "2017.08.23"]
[SourceQuality "1"]
[WhiteTeam "Filiatron CN"]
[BlackTeam "Triandrias Chess Intervention"]
[WhiteTeamCountry "GRE"]
[BlackTeamCountry "GRE"]

1. e4 c6 2. b3 d5 3. Bb2 dxe4 4. Ne2 Nd7 5. Ng3 Ngf6 6. Nc3 e6 7. Ngxe4 Be7 8. g3 0-0 9. Bg2 Qc7 10. Qe2 b6 11. 0-0-0 Bb7 12. f4 b5 13. Ng5 a5 0-1

[Event "GRE-chT 45th"]
[Site "Achaia"]
[Date "2017.07.03"]
[Round "1.16"]
[White "Kiriakopoulos, Antonios"]
[Black "Dimitrov, Atanas Valtchev"]
[Result "0-1"]
[WhiteElo "1859"]
[BlackElo "2302"]
[PlyCount "56"]
[EventDate "2017.07.03"]
[EventType "team-swiss"]
[EventRounds "7"]
[EventCountry "GRE"]
[SourceTitle "CBM 179 Extra"]
[Source "ChessBase"]
[SourceDate "2017.08.23"]
[SourceVersion "1"]
[SourceVersionDate "2017.08.23"]
[SourceQuality "1"]
[WhiteTeam "Filiatron CN"]
[BlackTeam "Alexandroupolis Ethnikos"]
[WhiteTeamCountry "GRE"]
[BlackTeamCountry "GRE"]

1. e4 g6 2. d4 Bg7 3. h4 h6 4. Be3 c5 5. Qd2 Nf6 6. f3 cxd4 7. Bxd4 Nc6 8. Bc3 e5 9. Bc4 d6 10. Ne2 0-0 11. Na3 a6 12. Rd1 b5 13. Bd5 Nxd5 14. Qxd5 Qb6 15. b4 Be6 16. Qd2 Rfd8 17. Qc1 d5 18. exd5 Rxd5 19. Rxd5 Bxd5 20. Bd2 h5 21. Nc3 Nxb4 22. Qb2 Bf8 23. Nxd5 Nxd5 24. Qb3 Rd8 25. c4 Nf4 26. Bxf4 exf4 27. Nc2 Qa5+ 28. Kf1 Rd1+ 0-1

[Event "GRE-chT 44th"]
[Site "Achaia"]
[Date "2016.07.09"]
[Round "6.14"]
[White "Sandalakis, Nikolaos"]
[Black "Kiriakopoulos, Antonios"]
[Result "1-0"]
[WhiteElo "2049"]
[BlackElo "1878"]
[PlyCount "69"]
[EventDate "2016.07.05"]
[EventType "team-swiss"]
[EventRounds "7"]
[EventCountry "GRE"]
[SourceTitle "CBM 173 Extra"]
[Source "ChessBase"]
[SourceDate "2016.08.29"]
[SourceVersion "1"]
[SourceVersionDate "2016.08.29"]
[SourceQuality "1"]
[WhiteTeam "St Nicholas Lato"]
[BlackTeam "Filiatron CN"]
[WhiteTeamCountry "GRE"]
[BlackTeamCountry "GRE"]

1. e4 c5 2. Nf3 e6 3. b3 Nc6 4. Bb2 a6 5. Bd3 d6 6. 0-0 Nge7 7. Re1 e5 8. c3 Ng6 9. Bf1 Be7 10. h3 0-0 11. d4 f5 12. dxc5 dxc5 13. Bc4+ Kh8 14. Qxd8 Bxd8 15. Bd5 fxe4 16. Bxe4 Bc7 17. Ba3 Bd6 18. Nbd2 Be6 19. Rad1 Rac8 20. Nc4 Bxc4 21. Rxd6 Bf7 22. Bxc5 Rfd8 23. Red1 Rxd6 24. Rxd6 Be8 25. Bb6 Nge7 26. c4 Bg6 27. Bxg6 Nxg6 28. Rd7 Rb8 29. Ng5 Nf8 30. Rd5 Kg8 31. Ne4 Kf7 32. Bc7 Ra8 33. Bxe5 Nb4 34. Rd2 Ne6 35. Rd7+ 1-0

[Event "GRE-chT 44th"]
[Site "Achaia"]
[Date "2016.07.08"]
[Round "5.16"]
[White "Kiriakopoulos, Antonios"]
[Black "Makris, Xenophon"]
[Result "1/2-1/2"]
[WhiteElo "1878"]
[BlackElo "1916"]
[PlyCount "102"]
[EventDate "2016.07.05"]
[EventType "team-swiss"]
[EventRounds "7"]
[EventCountry "GRE"]
[SourceTitle "CBM 173 Extra"]
[Source "ChessBase"]
[SourceDate "2016.08.29"]
[SourceVersion "1"]
[SourceVersionDate "2016.08.29"]
[SourceQuality "1"]
[WhiteTeam "Filiatron CN"]
[BlackTeam "Corfu SPZ"]
[WhiteTeamCountry "GRE"]
[BlackTeamCountry "GRE"]

1. d4 Nf6 2. c4 g6 3. Nc3 d5 4. Qb3 dxc4 5. Qxc4 Bg7 6. e4 0-0 7. Be2 a6 8. Nf3 c5 9. dxc5 Be6 10. Qd3 Nbd7 11. Be3 Rc8 12. Ng5 Nxc5 13. Qxd8 Rfxd8 14. Bxc5 Rxc5 15. Nxe6 fxe6 16. Rd1 Rxd1+ 17. Bxd1 b5 18. f3 Nd7 19. Bb3 Kf7 20. Kd2 b4 21. Na4 Bh6+ 22. Kd3 Rc6 23. Rd1 Ne5+ 24. Ke2 Nc4 25. g3 Na5 26. f4 Nxb3 27. axb3 Rc2+ 28. Rd2 Rxd2+ 29. Kxd2 e5 30. Ke3 exf4+ 31. gxf4 e5 32. Nc5 Bxf4+ 33. Kf3 a5 34. Nb7 Bxh2 35. Nxa5 h5 36. Nc6 g5 37. Nxb4 g4+ 38. Kg2 Bf4 39. Nd5 Bc1 40. b4 Bxb2 41. b5 Bd4 42. b6 Ke6 43. Kg3 Kd6 44. b7 Ba7 45. Nf6 Kc7 46. Nxh5 Kxb7 47. Kxg4 Kc6 48. Kf5 Kd6 49. Nf6 Bd4 50. Ng8 Ba1 51. Nh6 Ke7 1/2-1/2

[Event "GRE ESSPEP-ch 12th"]
[Site "Kalamata"]
[Date "2016.04.26"]
[Round "2"]
[White "Kiriakopoulos, Antonios"]
[Black "Kalogerakos, Stamatis"]
[Result "1-0"]
[WhiteElo "1872"]
[BlackElo "1705"]
[PlyCount "53"]
[EventDate "2016.04.25"]
[EventType "swiss"]
[EventRounds "5"]
[EventCountry "GRE"]
[SourceTitle "EXT 2024"]
[Source "ChessBase"]
[SourceDate "2023.10.10"]
[SourceVersion "1"]
[SourceVersionDate "2023.10.10"]
[SourceQuality "1"]

1. Nf3 d5 2. d4 c6 3. Bf4 e6 4. c4 Bd6 5. Bg3 Nf6 6. c5 Bxg3 7. hxg3 Ne4 8. Qc2 b6 9. b4 Bb7 10. e3 Nd7 11. Bd3 Ndf6 12. Ne5 b5 13. a4 a6 14. a5 h6 15. Nd2 Nxd2 16. Kxd2 Nd7 17. f4 Nxe5 18. dxe5 Kd7 19. Rhf1 f6 20. f5 Kc7 21. Qc3 Rf8 22. fxe6 Qe7 23. Rf4 Rae8 24. Bg6 Rd8 25. Raf1 Qxe6 26. exf6 gxf6 27. Rxf6 1-0

[Event "GRE ESSPEP-ch 12th"]
[Site "Kalamata"]
[Date "2016.04.25"]
[Round "1"]
[White "Liakos, Christos Konstanti"]
[Black "Kiriakopoulos, Antonios"]
[Result "0-1"]
[WhiteElo "1457"]
[BlackElo "1872"]
[PlyCount "42"]
[EventDate "2016.04.25"]
[EventType "swiss"]
[EventRounds "5"]
[EventCountry "GRE"]
[SourceTitle "EXT 2024"]
[Source "ChessBase"]
[SourceDate "2023.10.10"]
[SourceVersion "1"]
[SourceVersionDate "2023.10.10"]
[SourceQuality "1"]

1. e4 c5 2. Nc3 Nc6 3. Bb5 Nd4 4. Bc4 e6 5. Nf3 Nxf3+ 6. Qxf3 Qc7 7. 0-0 a6 8. a4 Bd6 9. h3 Ne7 10. d3 0-0 11. Be3 Ng6 12. Bb3 Rb8 13. a5 b6 14. axb6 Rxb6 15. Qg4 Rb4 16. Kh1 f5 17. exf5 Rxg4 18. hxg4 Ne5 19. fxe6 dxe6 20. g5 Qf7 21. Kg1 Qh5 0-1

[Event "GRE-chT 43rd"]
[Site "Porto Rio"]
[Date "2015.10.11"]
[Round "6.15"]
[White "Kiriakopoulos, Antonios"]
[Black "Magkias, Vasilios"]
[Result "1-0"]
[WhiteElo "1901"]
[BlackElo "1739"]
[PlyCount "51"]
[EventDate "2015.10.08"]
[EventType "team-swiss"]
[EventRounds "7"]
[EventCountry "GRE"]
[SourceTitle "CBM 168 Extra"]
[Source "ChessBase"]
[SourceDate "2015.10.29"]
[SourceVersion "1"]
[SourceVersionDate "2015.10.29"]
[SourceQuality "1"]
[WhiteTeam "Kalamata"]
[BlackTeam "Thinalios"]
[WhiteTeamCountry "GRE"]
[BlackTeamCountry "GRE"]

1. Nf3 Nf6 2. c4 e6 3. g3 d5 4. Bg2 Be7 5. 0-0 0-0 6. b3 c5 7. cxd5 exd5 8. d4 b6 9. Nc3 Bb7 10. Bb2 Nc6 11. Qd3 Qd7 12. Ne5 Qe6 13. Nxc6 Bxc6 14. Rfd1 Rfd8 15. Rac1 Rac8 16. e3 Bb7 17. Ne2 h6 18. Nf4 Qd6 19. Qf1 cxd4 20. Rxd4 Rxc1 21. Qxc1 Rc8 22. Qd1 Qe5 23. Rd2 Qf5 24. Bh3 Ng4 25. Bxg4 Qxg4 26. Qxg4 1-0

[Event "GRE-chT 43rd"]
[Site "Porto Rio"]
[Date "2015.10.10"]
[Round "4.15"]
[White "Kiriakopoulos, Antonios"]
[Black "Kokkalis, Vasilios"]
[Result "0-1"]
[WhiteElo "1901"]
[BlackElo "2137"]
[PlyCount "60"]
[EventDate "2015.10.08"]
[EventType "team-swiss"]
[EventRounds "7"]
[EventCountry "GRE"]
[SourceTitle "CBM 168 Extra"]
[Source "ChessBase"]
[SourceDate "2015.10.29"]
[SourceVersion "1"]
[SourceVersionDate "2015.10.29"]
[SourceQuality "1"]
[WhiteTeam "Kalamata"]
[BlackTeam "Patron Sailing"]
[WhiteTeamCountry "GRE"]
[BlackTeamCountry "GRE"]

1. Nf3 d5 2. d4 Nf6 3. c4 dxc4 4. Nc3 a6 5. a4 Nc6 6. e4 Bg4 7. Be3 e5 8. d5 Na5 9. Qc2 Bxf3 10. gxf3 Bd6 11. Rg1 Nh5 12. Rg4 0-0 13. Ne2 b5 14. Bh3 Nb3 15. Rd1 Nc5 16. Ng3 Nd3+ 17. Rxd3 cxd3 18. Qxd3 Nf4 19. Bxf4 exf4 20. Qd4 f6 21. Nf5 g6 22. Nh4 Be5 23. Qd3 Qe7 24. Kf1 Qb4 25. Kg2 Qc4 26. Qd2 bxa4 27. Nf5 Rfd8 28. d6 Kh8 29. Nh6 Rxd6 30. Qa5 Rd1 0-1

[Event "Kalamata NOK op 1st "]
[Site "Kalamata"]
[Date "2011.05.01"]
[Round "5"]
[White "Kiriakopoulos, Antonios"]
[Black "Malamas, Kostas"]
[Result "1-0"]
[WhiteElo "2051"]
[BlackElo "1710"]
[PlyCount "111"]
[EventDate "2011.04.29"]
[EventType "swiss"]
[EventRounds "5"]
[EventCountry "GRE"]
[SourceTitle "EXT 2024"]
[Source "ChessBase"]
[SourceDate "2023.10.10"]
[SourceVersion "1"]
[SourceVersionDate "2023.10.10"]
[SourceQuality "1"]

1. e4 Nf6 2. e5 Nd5 3. c4 Nb6 4. d4 d6 5. exd6 exd6 6. Be2 Be7 7. h3 Bf5 8. Nc3 Nc6 9. Nf3 Bf6 10. 0-0 0-0 11. b3 Re8 12. Bb2 a6 13. a4 a5 14. Qd2 Nb4 15. Rac1 Qd7 16. Rfe1 Re7 17. Nd1 Rae8 18. Ne3 Be4 19. Ng4 Qf5 20. Nxf6+ gxf6 21. Bc3 Kh8 22. d5 Bxf3 23. Bxf3 Nd3 24. Rxe7 Rxe7 25. Qh6 Kg8 26. Bxf6 Qg6 27. Qxg6+ hxg6 28. Bxe7 Nxc1 29. Bd1 Nd3 30. Bd8 Na8 31. Bc2 Nb4 32. Bb1 Na6 33. g4 Kg7 34. g5 Nb6 35. Bf6+ Kf8 36. f4 Nd7 37. Bd4 Nac5 38. Bc2 c6 39. dxc6 bxc6 40. Bc3 Ne6 41. Bd2 Ndc5 42. Be3 d5 43. cxd5 cxd5 44. Kf2 d4 45. Bd2 d3 46. Bd1 Ne4+ 47. Ke3 Nxd2 48. Kxd2 Nxf4 49. Bg4 Ke7 50. Ke3 Nd5+ 51. Kxd3 Kd6 52. Kd4 f5 53. gxf6 Nxf6 54. Bf3 Nd7 55. h4 Nc5 56. Kc4 1-0

[Event "Kalamata NOK op 1st "]
[Site "Kalamata"]
[Date "2011.04.30"]
[Round "2"]
[White "Kiriakopoulos, Antonios"]
[Black "Lambropoulos, Evangelos"]
[Result "1-0"]
[WhiteElo "2051"]
[BlackElo "2066"]
[PlyCount "55"]
[EventDate "2011.04.29"]
[EventType "swiss"]
[EventRounds "5"]
[EventCountry "GRE"]
[SourceTitle "EXT 2024"]
[Source "ChessBase"]
[SourceDate "2023.10.10"]
[SourceVersion "1"]
[SourceVersionDate "2023.10.10"]
[SourceQuality "1"]

1. e4 e5 2. Nf3 Nc6 3. Bb5 a6 4. Ba4 f5 5. Nc3 Nf6 6. Qe2 d6 7. d3 f4 8. Bxc6+ bxc6 9. d4 Qe7 10. Qc4 Bd7 11. dxe5 dxe5 12. 0-0 h6 13. b3 g5 14. a4 g4 15. Ba3 c5 16. Nd2 c6 17. a5 f3 18. Na4 fxg2 19. Rfd1 Be6 20. Qc3 Nd7 21. Nc4 Bxc4 22. Qxc4 h5 23. Rxd7 Qxd7 24. Nb6 Qe7 25. Nxa8 h4 26. Rd1 g3 27. Bxc5 gxf2+ 28. Bxf2 1-0

[Event "GRE-chT Div-A 38th"]
[Site "Peristeri"]
[Date "2010.07.11"]
[Round "7"]
[White "Kesaris, Evagelos"]
[Black "Kiriakopoulos, Antonios"]
[Result "1/2-1/2"]
[WhiteElo "1896"]
[BlackElo "2055"]
[PlyCount "113"]
[EventDate "2010.07.05"]
[EventType "team-swiss"]
[EventRounds "7"]
[EventCountry "GRE"]
[SourceTitle "CBM 137 Extra"]
[Source "ChessBase"]
[SourceDate "2010.09.01"]
[SourceVersion "1"]
[SourceVersionDate "2010.09.01"]
[SourceQuality "1"]

1. e4 c5 2. d4 cxd4 3. c3 dxc3 4. Nxc3 e6 5. Nf3 Ne7 6. Bc4 a6 7. 0-0 Ng6 8. Qe2 Be7 9. Be3 0-0 10. Bb3 b5 11. Rfd1 Nc6 12. Rac1 Na5 13. Nd4 Nxb3 14. axb3 Bb7 15. f4 b4 16. f5 bxc3 17. fxg6 cxb2 18. gxf7+ Rxf7 19. Qxb2 Bg5 20. Qd2 Bxe3+ 21. Qxe3 Qb6 22. Re1 Raf8 23. Nf3 Qa5 24. Qc5 Qxc5+ 25. Rxc5 Rxf3 26. gxf3 Rxf3 27. Rc7 Bc6 28. b4 h6 29. Rxc6 dxc6 30. Rc1 Re3 31. Rxc6 Rxe4 32. Rxa6 Kf7 33. b5 Rb4 34. Rb6 Rb2 35. Rb8 Kf6 36. b6 Ke5 37. b7 Ke4 38. Re8 Rxb7 39. Rxe6+ Kf3 40. Re1 g5 41. Rf1+ Kg4 42. Kg2 Rb2+ 43. Kh1 h5 44. Rg1+ Kh4 45. Rc1 Kg4 46. Rg1+ Kf4 47. Rf1+ Ke4 48. Re1+ Kf3 49. Rf1+ Rf2 50. Ra1 h4 51. Ra3+ Kg4 52. h3+ Kf5 53. Ra5+ Kf4 54. Ra4+ Kg3 55. Rg4+ Kxh3 56. Rxg5 Rg2 57. Rxg2 1/2-1/2

[Event "GRE-chT 37th"]
[Site "Kallithea"]
[Date "2009.07.09"]
[Round "9"]
[White "Kalaitzoglou, Panayotis"]
[Black "Kiriakopoulos, Antonios"]
[Result "1/2-1/2"]
[WhiteElo "2199"]
[BlackElo "2048"]
[PlyCount "111"]
[EventDate "2009.07.03"]
[EventType "team-tourn"]
[EventRounds "9"]
[EventCountry "GRE"]
[SourceTitle "CBM 131 Extra"]
[Source "ChessBase"]
[SourceDate "2009.09.03"]
[SourceVersion "2"]
[SourceVersionDate "2009.09.16"]
[SourceQuality "1"]

1. e4 d6 2. d4 Nf6 3. Nc3 g6 4. Be3 Bg7 5. f3 c6 6. Qd2 Qa5 7. Nge2 Nbd7 8. g4 h5 9. g5 Ng8 10. f4 e6 11. Nc1 Ne7 12. Nb3 Qc7 13. d5 exd5 14. exd5 Nf5 15. Nd4 Nb6 16. 0-0-0 0-0 17. dxc6 Nxe3 18. Qxe3 Bg4 19. Be2 Bxe2 20. Qxe2 bxc6 21. f5 Rfe8 22. Qf3 Nc4 23. fxg6 fxg6 24. Qxc6 Qxc6 25. Nxc6 Rac8 26. Nxa7 Rc5 27. Nab5 Nxb2 28. Rxd6 Rb8 29. Rxg6 Nd3+ 30. cxd3 Rbxb5 31. Rxg7+ Kxg7 32. Kc2 Ra5 33. Kb3 Rxg5 34. a4 Kf7 35. Kb4 Ra8 36. Re1 Rg2 37. Re2 Rb8+ 38. Kc4 Rxe2 39. Nxe2 Rb2 40. Nc3 Rxh2 41. a5 Rg2 42. a6 h4 43. a7 Rg8 44. Kb5 Ke6 45. Kb6 Ke5 46. Ne4 Kd4 47. Nf2 Ke3 48. Nh3 Kxd3 49. Kb7 Ke3 50. a8Q Rxa8 51. Kxa8 Kf3 52. Kb7 Kg3 53. Ng5 Kg4 54. Ne4 Kf4 55. Nf2 h3 56. Nxh3+ 1/2-1/2

[Event "GRE-chT 37th"]
[Site "Kallithea"]
[Date "2009.07.04"]
[Round "1"]
[White "Zakarian, David"]
[Black "Kiriakopoulos, Antonios"]
[Result "1-0"]
[WhiteElo "2296"]
[BlackElo "2048"]
[PlyCount "43"]
[EventDate "2009.07.03"]
[EventType "team-tourn"]
[EventRounds "9"]
[EventCountry "GRE"]
[SourceTitle "CBM 131 Extra"]
[Source "ChessBase"]
[SourceDate "2009.09.03"]
[SourceVersion "2"]
[SourceVersionDate "2009.09.16"]
[SourceQuality "1"]

1. e4 d6 2. Nc3 Nf6 3. f4 g6 4. Nf3 Bg7 5. d4 a6 6. Bd3 b5 7. a3 Bb7 8. 0-0 0-0 9. Kh1 Nbd7 10. e5 Nd5 11. Ne4 N7b6 12. Qe1 e6 13. b3 f5 14. Neg5 Re8 15. c4 Nxf4 16. Bxf4 dxe5 17. Bxe5 h6 18. Bxg7 hxg5 19. Be5 c5 20. Rd1 bxc4 21. bxc4 Qe7 22. dxc5 1-0

[Event "GRE-chT 36th"]
[Site "Kallithea"]
[Date "2008.07.10"]
[Round "7.9"]
[White "Loukopoulos, Spyridon"]
[Black "Kiriakopoulos, Antonios"]
[Result "1-0"]
[WhiteElo "2119"]
[BlackElo "2055"]
[PlyCount "49"]
[EventDate "2008.07.06"]
[EventType "team-tourn"]
[EventRounds "7"]
[EventCountry "GRE"]
[SourceTitle "CBM 125 Extra"]
[Source "ChessBase"]
[SourceDate "2008.09.01"]
[SourceVersion "1"]
[SourceVersionDate "2008.09.01"]
[SourceQuality "1"]

1. e4 c6 2. d4 d6 3. Nc3 Nf6 4. h3 g6 5. Nf3 Bg7 6. a4 0-0 7. Bc4 Nbd7 8. 0-0 Qc7 9. Qe2 e5 10. dxe5 dxe5 11. Be3 Nh5 12. Rfe1 Nf4 13. Bxf4 exf4 14. e5 Nc5 15. Ne4 Nxe4 16. Qxe4 Bf5 17. Qxf4 Bxc2 18. Nd4 Rae8 19. Nxc2 Rxe5 20. Re3 Qa5 21. b4 Rf5 22. Qg4 Qc7 23. Rae1 Be5 24. Rf3 h5 25. Qxg6+ 1-0

[Event "GRE-chT 36th"]
[Site "Kallithea"]
[Date "2008.07.08"]
[Round "4.9"]
[White "Kiriakopoulos, Antonios"]
[Black "Stavrianakis, Ioannis"]
[Result "1-0"]
[WhiteElo "2055"]
[BlackElo "2176"]
[PlyCount "89"]
[EventDate "2008.07.06"]
[EventType "team-tourn"]
[EventRounds "7"]
[EventCountry "GRE"]
[SourceTitle "CBM 125 Extra"]
[Source "ChessBase"]
[SourceDate "2008.09.01"]
[SourceVersion "1"]
[SourceVersionDate "2008.09.01"]
[SourceQuality "1"]
[WhiteTeam "Kalamata Poseidon"]
[BlackTeam "Heraklion SO"]
[WhiteTeamCountry "GRE"]
[BlackTeamCountry "GRE"]

1. e4 g6 2. d4 Bg7 3. Nf3 d5 4. exd5 Qxd5 5. h3 Nc6 6. c4 Qd6 7. c5 Qd8 8. Bb5 Bd7 9. 0-0 Nf6 10. Nc3 0-0 11. a3 Be6 12. Re1 Nd5 13. Bg5 h6 14. Bh4 g5 15. Bg3 Nxc3 16. bxc3 Bd5 17. Ne5 Nxe5 18. Bxe5 e6 19. Qh5 Bxe5 20. Rxe5 Qf6 21. Bd3 Kg7 22. Rae1 Rad8 23. R1e3 Rg8 24. Qd1 Bc6 25. Qb1 Kh8 26. Be4 g4 27. Bxc6 bxc6 28. Qe4 gxh3 29. Rxh3 Rd5 30. Rf3 Qg7 31. Rg3 Qf6 32. Rxg8+ Kxg8 33. Rxd5 cxd5 34. Qb1 Qf4 35. g3 Qd2 36. Qb8+ Kg7 37. Qxc7 Qe1+ 38. Kg2 Qe4+ 39. Kh2 Qc2 40. Qe5+ f6 41. Qe3 Kf7 42. Kg2 Ke7 43. Qxh6 Qxc3 44. Qg7+ Ke8 45. Qxf6 1-0

[Event "Pyrgos Spilios Dimitris op 1st"]
[Site "Pyrgos"]
[Date "2006.08.18"]
[Round "1"]
[White "Kontogiannis, Georgios"]
[Black "Kiriakopoulos, Antonios"]
[Result "0-1"]
[WhiteElo "1025"]
[BlackElo "1880"]
[PlyCount "44"]
[EventDate "2006.08.18"]
[EventType "swiss"]
[EventRounds "6"]
[EventCountry "GRE"]
[SourceTitle "EXT 2024"]
[Source "ChessBase"]
[SourceDate "2023.10.10"]
[SourceVersion "1"]
[SourceVersionDate "2023.10.10"]
[SourceQuality "1"]

1. e4 c5 2. Nf3 e6 3. Bc4 Nc6 4. Nc3 a6 5. d4 cxd4 6. Nxd4 Qc7 7. 0-0 Nf6 8. Re1 Nxd4 9. Qxd4 Bc5 10. Qd1 Bd6 11. g3 h5 12. Qe2 Ng4 13. Nd5 exd5 14. exd5+ Kd8 15. Bf4 b5 16. Bb3 Bb7 17. a4 Bxf4 18. Qe7+ Kc8 19. gxf4 Qxf4 20. Qc5+ Qc7 21. Qe7 Qxh2+ 22. Kf1 Qxf2# 0-1

[Event "Chalkidiki op-A 2nd"]
[Site "Kallithea"]
[Date "2006.04.27"]
[Round "4"]
[White "Kiriakopoulos, Antonios"]
[Black "Simeonidis, Ioannis"]
[Result "0-1"]
[WhiteElo "2080"]
[BlackElo "2307"]
[PlyCount "138"]
[EventDate "2006.04.25"]
[EventType "swiss"]
[EventRounds "9"]
[EventCountry "GRE"]
[SourceTitle "CBM 112 Extra"]
[Source "ChessBase"]
[SourceDate "2006.07.14"]
[SourceVersion "1"]
[SourceVersionDate "2006.07.14"]
[SourceQuality "1"]

1. e4 c6 2. d4 d5 3. exd5 cxd5 4. Bd3 Nc6 5. c3 Qc7 6. Ne2 Bg4 7. f3 Bd7 8. Na3 a6 9. Nc2 e5 10. 0-0 Bd6 11. g3 Nge7 12. Ne3 0-0 13. Bc2 Rad8 14. Kg2 Qc8 15. Rf2 Rfe8 16. f4 exd4 17. cxd4 Nb4 18. Bb1 Bh3+ 19. Kg1 Nf5 20. Bxf5 Bxf5 21. Nxf5 Qxf5 22. Nc3 Re6 23. Re2 Rde8 24. Bd2 Nc2 25. Rxe6 fxe6 26. Rc1 Nxd4 27. Be3 Nc6 28. Bf2 Nb4 29. Bd4 Qd3 30. Qxd3 Nxd3 31. Rd1 Nb4 32. Kf1 Kf7 33. Bb6 g6 34. a3 Nc6 35. Ne4 Be7 36. Nc5 Bxc5 37. Bxc5 Rd8 38. Ke2 e5 39. fxe5 Nxe5 40. Bd4 Nc6 41. Rf1+ Ke6 42. Kd3 Rd7 43. Rf6+ Ke7 44. Rf4 Kd6 45. Rf6+ Kc7 46. Rf4 b5 47. Rf6 Re7 48. Rf4 a5 49. Rf1 Kd6 50. Rf6+ Kc7 51. Rf2 a4 52. Rf6 Re1 53. Bc3 Re4 54. Rf7+ Re7 55. Rf4 Kd6 56. Rf6+ Kc5 57. Rf4 Rd7 58. Rf6 d4 59. Be1 Kd5 60. Bb4 Nxb4+ 61. axb4 Re7 62. Rb6 Re3+ 63. Kd2 Kc4 64. Rd6 Rb3 65. Kc2 Rf3 66. Rc6+ Kxb4 67. Rc7 Rf2+ 68. Kd3 Rxh2 69. Kxd4 Rxb2 0-1

[Event "White Tower op 5th Balkan Cup"]
[Site "Thessaloniki"]
[Date "2001.12.21"]
[Round "1"]
[White "Gurcan, Selim"]
[Black "Kiriakopoulos, Antonios"]
[Result "1-0"]
[WhiteElo "2275"]
[BlackElo "2101"]
[PlyCount "53"]
[EventDate "2001.12.21"]
[EventType "swiss"]
[EventRounds "9"]
[EventCountry "GRE"]
[SourceTitle "EXT 2003"]
[Source "ChessBase"]
[SourceDate "2002.11.25"]
[SourceVersion "1"]
[SourceVersionDate "2002.11.25"]
[SourceQuality "1"]

1. e4 e6 2. d4 d5 3. Nc3 dxe4 4. Nxe4 Nd7 5. Nf3 Ngf6 6. Nxf6+ Nxf6 7. Bd3 Be7 8. Qe2 0-0 9. Bg5 c5 10. 0-0-0 Qa5 11. Kb1 cxd4 12. h4 Rd8 13. Ne5 Bd7 14. g4 Be8 15. f4 h6 16. Bxh6 gxh6 17. g5 Nd5 18. Qe4 Ba3 19. Nc4 Qb4 20. Ka1 Bxb2+ 21. Nxb2 Rd6 22. gxh6 Rb6 23. Rb1 Nf6 24. h7+ Kh8 25. Qe5 Qe7 26. Rhg1 Bc6 27. Qg5 1-0

[Event "GRE-chT"]
[Site "Greece"]
[Date "2001.??.??"]
[Round "2"]
[White "Kiriakopoulos, Antonios"]
[Black "Botsari, Anna Maria"]
[Result "0-1"]
[WhiteElo "2108"]
[BlackElo "2315"]
[PlyCount "97"]
[EventDate "2001.??.??"]
[EventType "team"]
[EventRounds "8"]
[EventCountry "GRE"]
[SourceTitle "EXT 2003"]
[Source "ChessBase"]
[SourceDate "2002.11.25"]
[SourceVersion "1"]
[SourceVersionDate "2002.11.25"]
[SourceQuality "1"]

1. d4 d5 2. Nf3 Nc6 3. c3 Bg4 4. Bf4 e6 5. e3 Bd6 6. Be2 Nf6 7. Nbd2 h6 8. 0-0 0-0 9. Re1 Qe7 10. Qc2 Bf5 11. Bd3 Bxd3 12. Qxd3 Nh5 13. Ne5 g5 14. Nxc6 bxc6 15. Be5 f5 16. g3 Bxe5 17. dxe5 Qg7 18. Qe2 g4 19. f4 gxf3 20. Qxf3 Qg6 21. Kh1 Kh7 22. Rad1 Rab8 23. b3 Rg8 24. Nf1 c5 25. Nd2 Rbf8 26. Rg1 Qf7 27. Qe2 Rg4 28. Rdf1 Qg7 29. Nf3 Rg8 30. Qd2 Qe7 31. Rf2 a5 32. Rgg2 a4 33. Kg1 axb3 34. axb3 Ra8 35. Rf1 c6 36. Ne1 Re4 37. Nf3 Qb7 38. Qe2 Rg4 39. Nh4 Qg7 40. Nf3 Rg8 41. Rff2 Qb7 42. Nd2 Qb8 43. Qa6 Qxe5 44. Qxc6 R8g7 45. Kf1 Rc7 46. Qe8 Nf6 47. Qa8 Qxc3 48. Qd8 Ra7 49. Re2 0-1